000 00564nam a2200181Ia 4500
008 090123s9999 xx 000 0 und d
082 _b13263
100 _aआचार्य नयना शाम
245 _aपामचे रोपटे
250 _a1
260 _bमीनल प्रकाशन
_c1979
300 _a140
600 _aआचार्य नयना शाम
630 _aपामचे रोपटे
700 _aआचार्य नयना शाम
730 _aपामचे रोपटे
942 _cBOOK
999 _c51326
_d51326